A study on the nutrition and genetic variation of the freshwater angelfish (Pterophyllum scalare) : Thesis submitted in partial fulfillment of requirements for the academic degree of master of science in the faculty of applied science and technology
Guardat en:
| Autor principal: | |
|---|---|
| Format: | Llibre |
| Idioma: | Undetermined |
| Publicat: |
Malaysia
Universiti Putra Malaysia
2000
|
| Matèries: | |
| Etiquetes: |
Afegir etiqueta
Sense etiquetes, Sigues el primer a etiquetar aquest registre!
|
| Thư viện lưu trữ: | Trung tâm Học liệu Trường Đại học Cần Thơ |
|---|
| LEADER | 00745nam a2200193Ia 4500 | ||
|---|---|---|---|
| 001 | CTU_161674 | ||
| 008 | 210402s9999 xx 000 0 und d | ||
| 082 | |a 639.31 | ||
| 082 | |b T104 | ||
| 100 | |a Bui, Minh Tam | ||
| 245 | 2 | |a A study on the nutrition and genetic variation of the freshwater angelfish (Pterophyllum scalare) : | |
| 245 | 0 | |b Thesis submitted in partial fulfillment of requirements for the academic degree of master of science in the faculty of applied science and technology | |
| 245 | 0 | |c Bui Minh Tam | |
| 260 | |a Malaysia | ||
| 260 | |b Universiti Putra Malaysia | ||
| 260 | |c 2000 | ||
| 650 | |a Freshwater fishes,Cá nước ngọt | ||
| 904 | |i Trọng Hải | ||
| 980 | |a Trung tâm Học liệu Trường Đại học Cần Thơ | ||